Normal view
MARC view
Entry Personal Name
001 - CONTROL NUMBER
- control field: 75221
003 - CONTROL NUMBER IDENTIFIER
- control field: dpl
005 - DATE AND TIME OF LATEST TRANSACTION
- control field: 20241216162809.0
008 - FIXED-LENGTH DATA ELEMENTS
- fixed length control field: 241216|| aca||aabn | a|a d
040 ## - CATALOGING SOURCE
- Original cataloging agency: dpl
- Transcribing agency: dpl
100 ## - HEADING--PERSONAL NAME
- Personal name: Kamala, A
670 ## - SOURCE DATA FOUND
- Source citation: Work cat.: (dpl)207734: Kamala, A., Global Warming/, 2008
